Statistiques concernant Finalistes du Championnat de France de Rugby à XV

Cliquez ici pour prendre le quiz!

Statistiques générales

  • Ce quiz a été pris 510 fois
    (211 depuis la dernière actualisation)
  • Le résultat moyen est 21 sur 40

Statistiques - réponses

FinalesClubs% Correct
30Stade toulousain
99%
23Stade français Paris
97%
13Racing 92
96%
13RC Toulon
93%
14ASM Clermone Auvergne
92%
7Aviron bayonnais
90%
8Biarritz olympique
86%
12Stade bordelais
86%
1FC Lyon
85%
3Lyon OU
85%
16USA Perpignan
85%
8Castres olympique
84%
3Montpellier HR
79%
3Section paloise
76%
4CA Brive
62%
15AS Béziers
61%
14SU Agen
61%
4Stade montois
57%
2FC Grenoble
56%
5RC Narbonne
55%
5US Dax
52%
1US Montauban
50%
3CA Bègles
49%
2SCUF
48%
11Lourdes
45%
5Stadoceste tarbais
45%
1Colomiers
44%
2Stade Rochelais
39%
1Nice UR
35%
1CS Bourgoin-Jallieu
32%
1US Carcassonne
30%
1La Voulte sportif
13%
1CS Vienne
10%
3Quillan
10%
3Olympique
6%
1SC Mazamet
4%
2Stade bagnérais
4%
1US Carmaux
4%
1US Cognac
3%
1FC Lézignan
1%

Distribution des résultats

Percentile par nombre de réponses

% des personnes avec chaque résultat

Votre développement - résultats

Vous n’avez pas pris ce quiz depuis la dernière actualisation